Wszystkie kluby, które grały w Superpucharze Europy w XXI w. - Statystyki

Ogólne statystyki
  • Ten quiz został rozwiązany 172 razy
  • Średni wynik to 13 z 20
Statystyki odpowiedzi
Lata Ile razy Odpowiedź % Poprawnych
2000, 2002, 2014, 2016, 2017, 2018, 2022 7 Real Madryt
99%
2006, 2009, 2011, 2015 4 Barcelona
98%
2023 1 Manchester City
94%
2008, 2017 2 Manchester United
94%
2012, 2013, 2019, 2021 4 Chelsea
90%
2001, 2005, 2019 3 Liverpool
90%
2006, 2007, 2014, 2015, 2016, 2020, 2023 7 Sevilla
90%
2001, 2013, 2020 3 Bayern
88%
2003, 2007 2 Milan
85%
2010, 2012, 2018 3 Atletico
75%
2010 1 Inter Mediolan
73%
2003, 2004, 2011 3 Porto
68%
2021 1 Villarreal
51%
2004 1 Valencia
50%
2022 1 Eintracht
39%
2008 1 Zenit
35%
2009 1 Szachtar Donieck
33%
2002 1 Feyenoord
23%
2000 1 Galatasaray
21%
2005 1 CSKA Moskwa
19%
Nie znaleziono quizów pasujących do podanych kryteriów
Rozkład punktacji
Procent ludzi z każdym wynikiem
Percentyl według liczby udzielonych odpowiedzi
Twoja historia wyników
Nie rozwiązałeś tego quizu